Normal view
MARC view
- Allport, Gordon W.
Entry Nombre Personal
001 - NUMERO DE CONTROL
- campo de control: 31882
003 - IDENTIFICADOR DE NUMERO DE CONTROL
- campo de control: DLC
005 - FECHA Y HORA DE LA ÜLTIMA TRANSACCIÓN
- campo de control: 20220824082019.0
008 - DATOS DE LONGITUD FIJA
- campo de control de longitud fija: 790601n| acannaabn |b aaa
010 ## - NÚMERO DE CONTROL DE LA BIBLIOTECA DEL CONGRESO
- Número de control LC: n 79044016
035 ## - NUMERO DE CONTROL
- Número de control: (OCoLC)oca00277431
040 ## - FUENTE DE CATALOGACIÓN
- Agencia original de catalogación: DLC
- Lenguaje de catalogación: spa
- Agencia de transcripción: DLC
- Agencia que lo modifica: DLC
- Agencia que lo modifica: OCoLC
- Agencia que lo modifica: MX-MxUPN
100 1# - ENCABEZAMIENTO - NOMBRE PERSONAL
- Nombre personal: Allport, Gordon W.
- Fuller form of name: (Gordon Willard),
- Fechas asociadas con el nombre: 1897-1967
400 1# - VEÁSE - NOMBRE DE PERSONA
- Personal name: Allport, G.
- Fuller form of name: (Gordon),
- Dates associated with a name: 1897-1967
400 1# - VEÁSE - NOMBRE DE PERSONA
- Personal name: Allport, Gordon Willard,
- Dates associated with a name: 1897-1967
670 ## - FUENTE EN LA QUE SE LOCALIZARON DATOS
- Cita de la fuente: James, W. Psychology, 1985:
- Información localizada: CIP t.p. (Gordon Allport)
670 ## - FUENTE EN LA QUE SE LOCALIZARON DATOS
- Cita de la fuente: nuc89-73408: Making of psychology. Italian. La Psicologia oggi, 1981
- Información localizada: (hg. on TxU-Hu rept.: Allport, Gordon W. (Gordon Willard), 1897-1967; usage: G. Allport)
902 ## - CATALOGADOR
- Catalogador: VRC/240822
